000 00503nam a2200169Ia 4500
003 GCL
008 140319s9999 xx 000 0 ara d
040 _aGCL /
_cGCL
082 0 4 _a415.1
_bف ف
100 1 _aفارس محمد عيسى
245 1 0 _aفى النحو العربى : اسلوب فى التعلم الذاتى /
_cفارس محمد عيسى
300 _a469 ص
490 _a
650 0 4 _aالنحو العربى
650 0 4 _aاللغة العربية - النحو
942 _2ddc
_cBK
999 _c39612
_d39612